[Event "Vojvodina op 9th"]
[Site "Novi Sad"]
[Date "2018.07.26"]
[Round "8"]
[White "Ninov, Dayan"]
[Black "Manojlovic, Sava"]
[Result "1-0"]
[WhiteElo "2229"]
[BlackElo "2026"]
[PlyCount "62"]
[EventDate "2018.07.22"]
[EventType "swiss"]
[EventRounds "9"]
[EventCountry "YUG"]
[SourceTitle "CBM 185 Extra"]
[Source "ChessBase"]
[SourceDate "2018.07.29"]
[SourceVersion "1"]
[SourceVersionDate "2018.07.29"]
[SourceQuality "1"]

1. e4 c5 2. Nf3 a6 3. c4 d6 4. d4 cxd4 5. Nxd4 Nf6 6. Nc3 g6 7. Be2 Bg7 8. Be3 0-0 9. 0-0 Nc6 10. Qd2 Re8 11. Rfd1 Bd7 12. f3 Rc8 13. Rac1 Nxd4 14. Bxd4 Be6 15. b3 Nd7 16. Bxg7 Kxg7 17. f4 f6 18. Kh1 Qa5 19. Qb2 Kg8 20. b4 Qb6 21. Nd5 Qa7 22. Bf3 b6 23. Qe2 Bf7 24. Bg4 e6 25. Ne3 f5 26. Bf3 fxe4 27. Bxe4 d5 28. cxd5 Rxc1 29. Rxc1 exd5 30. Nxd5 Bxd5 31. Bxd5+ Kf8 1-0

[Event "Veliko Gradiste Silver Lake op"]
[Site "Veliko Gradiste"]
[Date "2018.06.24"]
[Round "9"]
[White "Mijatovic, Dusan"]
[Black "Manojlovic, Sava"]
[Result "1-0"]
[WhiteElo "2078"]
[BlackElo "2032"]
[PlyCount "70"]
[EventDate "2018.06.17"]
[EventType "swiss"]
[EventRounds "9"]
[EventCountry "SRB"]
[SourceTitle "EXT 2019"]
[Source "ChessBase"]
[SourceDate "2018.10.10"]
[SourceVersion "1"]
[SourceVersionDate "2018.10.10"]
[SourceQuality "1"]

1. e4 c5 2. Nf3 e6 3. Qe2 a6 4. g3 Nc6 5. Bg2 d6 6. 0-0 e5 7. c3 Nf6 8. Rd1 Qc7 9. a3 Be7 10. b4 0-0 11. Bb2 Re8 12. d3 Bf8 13. Nbd2 Bg4 14. h3 Be6 15. Rac1 Rad8 16. d4 exd4 17. cxd4 cxd4 18. Nxd4 Nxd4 19. Bxd4 Qe7 20. Qf3 Nd7 21. Qh5 Rc8 22. f4 g6 23. Qa5 Nb8 24. e5 d5 25. Bxd5 Rxc1 26. Rxc1 Bxd5 27. Qxd5 Rd8 28. Qc4 Qd7 29. Be3 Qxh3 30. Ne4 Nc6 31. Bf2 Qf5 32. Bb6 Ra8 33. Rf1 Rc8 34. Bc5 Bxc5+ 35. bxc5 Qh3 1-0

[Event "Veliko Gradiste Silver Lake op"]
[Site "Veliko Gradiste"]
[Date "2018.06.22"]
[Round "7"]
[White "Govedarica, Radovan"]
[Black "Manojlovic, Sava"]
[Result "1-0"]
[WhiteElo "2355"]
[BlackElo "2032"]
[PlyCount "20"]
[EventDate "2018.06.17"]
[EventType "swiss"]
[EventRounds "9"]
[EventCountry "SRB"]
[SourceTitle "CBM 185 Extra"]
[Source "ChessBase"]
[SourceDate "2018.07.29"]
[SourceVersion "1"]
[SourceVersionDate "2018.07.29"]
[SourceQuality "1"]

1. d4 Nf6 2. Nc3 d5 3. Bg5 e6 4. e4 dxe4 5. Nxe4 Be7 6. Bxf6 gxf6 7. Nf3 f5 8. Nc3 c6 9. Qd2 Nd7 10. 0-0-0 Nf6 1-0

[Event "Veliko Gradiste Silver Lake op"]
[Site "Veliko Gradiste"]
[Date "2018.06.19"]
[Round "4"]
[White "Tadic, Stefan"]
[Black "Manojlovic, Sava"]
[Result "1-0"]
[WhiteElo "2254"]
[BlackElo "2032"]
[PlyCount "43"]
[EventDate "2018.06.17"]
[EventType "swiss"]
[EventRounds "9"]
[EventCountry "SRB"]
[SourceTitle "CBM 185 Extra"]
[Source "ChessBase"]
[SourceDate "2018.07.29"]
[SourceVersion "1"]
[SourceVersionDate "2018.07.29"]
[SourceQuality "1"]

1. e4 c5 2. Nf3 e6 3. d4 cxd4 4. Nxd4 a6 5. Nc3 d6 6. Be2 Nf6 7. 0-0 Be7 8. Be3 Nbd7 9. f3 h5 10. a4 Qc7 11. a5 g6 12. Qd2 Kf8 13. Kh1 Kg7 14. f4 e5 15. Nf3 b5 16. axb6 Nxb6 17. fxe5 dxe5 18. Nxe5 Qxe5 19. Bxb6 Bd6 20. g3 Qe6 21. Bc4 Qe7 22. Rxf6 1-0

[Event "Veliko Gradiste Silver Lake op"]
[Site "Veliko Gradiste"]
[Date "2018.06.18"]
[Round "2"]
[White "Manojlovic, Sava"]
[Black "Gajcin, Marina"]
[Result "0-1"]
[WhiteElo "2032"]
[BlackElo "2262"]
[PlyCount "54"]
[EventDate "2018.06.17"]
[EventType "swiss"]
[EventRounds "9"]
[EventCountry "SRB"]
[SourceTitle "CBM 185 Extra"]
[Source "ChessBase"]
[SourceDate "2018.07.29"]
[SourceVersion "1"]
[SourceVersionDate "2018.07.29"]
[SourceQuality "1"]

1. d4 Nf6 2. Nf3 g6 3. Bg5 Bg7 4. Nbd2 0-0 5. e3 b6 6. Bd3 Bb7 7. Qe2 c5 8. c3 d6 9. Bxf6 exf6 10. h4 Nc6 11. 0-0-0 cxd4 12. exd4 a6 13. h5 b5 14. hxg6 hxg6 15. a3 Re8 16. Qf1 Qc7 17. Kb1 Na5 18. g4 Nc4 19. Rh3 Bd5 20. Rc1 Qc6 21. Qg1 Re7 22. Qh2 Nxd2+ 23. Nxd2 Rae8 24. Qg1 Qd7 25. f3 Re3 26. Be4 Bxe4+ 27. Nxe4 R8xe4 0-1

[Event "EU-chT Seniors 50"]
[Site "Novi Sad"]
[Date "2017.06.26"]
[Round "2.4"]
[White "Adamovic, Sasa"]
[Black "Manojlovic, Sava"]
[Result "1/2-1/2"]
[WhiteElo "1935"]
[BlackElo "2047"]
[PlyCount "39"]
[EventDate "2017.06.25"]
[EventType "team-tourn"]
[EventRounds "9"]
[EventCountry "SRB"]
[SourceTitle "CBM 179 Extra"]
[Source "ChessBase"]
[SourceDate "2017.08.23"]
[SourceVersion "1"]
[SourceVersionDate "2017.08.23"]
[SourceQuality "1"]
[WhiteTeam "Serbia Jugovic 50"]
[BlackTeam "Serbia Srbobran 50"]
[WhiteTeamCountry "SRB"]
[BlackTeamCountry "SRB"]

1. e4 c5 2. Nf3 d6 3. d4 cxd4 4. Nxd4 Nf6 5. Nc3 a6 6. Bg5 e6 7. f4 Nbd7 8. Qf3 Qc7 9. 0-0-0 b5 10. e5 Bb7 11. Qh3 dxe5 12. Nxe6 fxe6 13. Qxe6+ Be7 14. Bxb5 axb5 15. Nxb5 Qc6 16. Nd6+ Kd8 17. Nf7+ Ke8 18. Nd6+ Kd8 19. Nf7+ Ke8 20. Nd6+ 1/2-1/2

[Event "Veliko Gradiste Silver Lake op-A"]
[Site "Veliko Gradiste"]
[Date "2017.06.19"]
[Round "3"]
[White "Bujisic, Vlastimir"]
[Black "Manojlovic, Sava"]
[Result "1-0"]
[WhiteElo "2301"]
[BlackElo "2047"]
[PlyCount "46"]
[EventDate "2017.06.18"]
[EventType "swiss"]
[EventRounds "9"]
[EventCountry "SRB"]
[SourceTitle "CBM 179 Extra"]
[Source "ChessBase"]
[SourceDate "2017.08.23"]
[SourceVersion "1"]
[SourceVersionDate "2017.08.23"]
[SourceQuality "1"]

1. e4 c5 2. c3 e6 3. Nf3 a6 4. d4 d5 5. e5 Nc6 6. a3 f6 7. exf6 Nxf6 8. Bd3 Bd6 9. 0-0 0-0 10. Bg5 e5 11. dxe5 Nxe5 12. Nxe5 Bxe5 13. Bh4 Qd6 14. Bg3 Bxg3 15. hxg3 Be6 16. Nd2 Rad8 17. Nf3 Bg4 18. Qc2 c4 19. Be2 Ne4 20. Nd4 Bxe2 21. Qxe2 Nc5 22. Rad1 Rde8 23. Qd2 Nd3 1-0

[Event "Gligoric Cup 4th"]
[Site "Novi Banovci"]
[Date "2017.05.27"]
[Round "3.6"]
[White "Manojlovic, Sava"]
[Black "Stikovic, Dobrica"]
[Result "0-1"]
[WhiteElo "2061"]
[BlackElo "2186"]
[PlyCount "100"]
[EventDate "2017.05.25"]
[EventType "team-swiss"]
[EventRounds "5"]
[EventCountry "SRB"]
[SourceTitle "CBM 178 Extra"]
[Source "ChessBase"]
[SourceDate "2017.06.22"]
[SourceVersion "1"]
[SourceVersionDate "2017.06.22"]
[SourceQuality "1"]
[WhiteTeam "Srbobran"]
[BlackTeam "Gajdobra Hercegovac"]
[WhiteTeamCountry "SRB"]
[BlackTeamCountry "SRB"]

1. Nf3 d5 2. d4 Nf6 3. c4 e6 4. Nc3 Be7 5. Bf4 0-0 6. e3 c5 7. Bd3 dxc4 8. Bxc4 a6 9. a4 Nc6 10. 0-0 cxd4 11. exd4 Qb6 12. Qe2 Nxd4 13. Nxd4 Qxd4 14. Be5 Qg4 15. Rfd1 Qxe2 16. Bxe2 b6 17. Bf3 Ra7 18. Bd4 Bc5 19. Bxc5 bxc5 20. a5 Bb7 21. Be2 Bd5 22. Na4 Nd7 23. Rdc1 Rc8 24. Rc3 Kf8 25. Rac1 Rb8 26. h3 Ke7 27. Bf1 Kd6 28. Nxc5 Nxc5 29. Rxc5 Rxb2 30. Rc8 Ra2 31. R8c5 Rb7 32. Bxa6 Rbb2 33. Bc4 Bxc4 34. R1xc4 Rxf2 35. Rg5 g6 36. Rb4 h6 37. Rg3 Rf5 38. Rb6+ Ke7 39. a6 Ra1+ 40. Kh2 h5 41. h4 Rf4 42. Rc3 Rxh4+ 43. Kg3 Rg4+ 44. Kf3 Rga4 45. Rc7+ Kf6 46. Rbb7 R1a3+ 47. Kf2 Rf4+ 48. Kg1 Rxa6 49. Rxf7+ Kg5 50. Rb5+ Rf5 0-1

[Event "Veliko Gradiste Silver Lake op"]
[Site "Veliko Gradiste"]
[Date "2016.06.22"]
[Round "5"]
[White "Manojlovic, Sava"]
[Black "Batyte, Daiva"]
[Result "1-0"]
[WhiteElo "2081"]
[BlackElo "2206"]
[PlyCount "123"]
[EventDate "2016.06.19"]
[EventType "swiss"]
[EventRounds "9"]
[EventCountry "SRB"]
[SourceTitle "EXT 2017"]
[Source "ChessBase"]
[SourceDate "2016.10.25"]
[SourceVersion "1"]
[SourceVersionDate "2016.10.25"]
[SourceQuality "1"]

1. d4 Nf6 2. Nf3 g6 3. g3 Bg7 4. Bg2 0-0 5. 0-0 d6 6. c4 c6 7. Nc3 Nbd7 8. h3 e5 9. e4 Re8 10. Rb1 Qe7 11. Bg5 h6 12. Be3 Kh7 13. Re1 b6 14. Qd2 Bb7 15. b3 Rad8 16. d5 Nc5 17. Nh4 cxd5 18. cxd5 Rc8 19. b4 Ncd7 20. Kh2 Nh5 21. Bf1 Red8 22. Bd3 Nf4 23. Bf1 Nh5 24. Rbc1 Rg8 25. Nb5 Ndf6 26. Bd3 Ba6 27. a4 Qd7 28. f3 Rxc1 29. Rxc1 Rc8 30. Ng2 Ne8 31. g4 Nhf6 32. Ne1 Ng8 33. Rxc8 Bxc8 34. Nc2 Bf6 35. Nca3 a6 36. Nc3 Bd8 37. b5 Qa7 38. Nc4 axb5 39. axb5 Bd7 40. Qb2 Ne7 41. Qa3 Qb8 42. Qa6 Bc8 43. Qa3 Bd7 44. Kg2 Bc7 45. Nxe5 Nf6 46. Nxf7 Neg8 47. Qc1 h5 48. Ng5+ Kg7 49. Bd4 hxg4 50. hxg4 Qc8 51. Qf4 Qe8 52. Ne6+ Bxe6 53. dxe6 Qxe6 54. g5 Bd8 55. Nd5 Kh7 56. gxf6 Nh6 57. Qg3 Nf7 58. Qh4+ Kg8 59. Bc4 Kf8 60. Qh7 Ng5 61. Qg7+ Ke8 62. Nc7+ 1-0

[Event "Veliko Gradiste Silver Lake op"]
[Site "Veliko Gradiste"]
[Date "2016.06.20"]
[Round "2"]
[White "Joksimovic, Dragoljub"]
[Black "Manojlovic, Sava"]
[Result "1/2-1/2"]
[WhiteElo "2232"]
[BlackElo "2081"]
[PlyCount "22"]
[EventDate "2016.06.19"]
[EventType "swiss"]
[EventRounds "9"]
[EventCountry "SRB"]
[SourceTitle "EXT 2017"]
[Source "ChessBase"]
[SourceDate "2016.10.25"]
[SourceVersion "1"]
[SourceVersionDate "2016.10.25"]
[SourceQuality "1"]

1. g3 Nf6 2. Bg2 d5 3. d4 g6 4. Nf3 Bg7 5. c4 0-0 6. Nc3 c6 7. 0-0 dxc4 8. Qc2 Nbd7 9. Rd1 Qa5 10. Bf4 Nb6 11. e4 Qh5 1/2-1/2

[Event "Vojvodina-ch 6th"]
[Site "Novi Sad"]
[Date "2015.07.25"]
[Round "2"]
[White "Manojlovic, Sava"]
[Black "Martic, Ivan"]
[Result "0-1"]
[WhiteElo "2172"]
[BlackElo "2383"]
[PlyCount "82"]
[EventDate "2015.07.25"]
[EventType "swiss"]
[EventRounds "9"]
[EventCountry "YUG"]
[SourceTitle "CBM 167 Extra"]
[Source "ChessBase"]
[SourceDate "2015.09.14"]
[SourceVersion "1"]
[SourceVersionDate "2015.09.14"]
[SourceQuality "1"]

1. d4 Nf6 2. Nf3 g6 3. c4 Bg7 4. Nc3 d5 5. g3 0-0 6. cxd5 Nxd5 7. Bg2 Nxc3 8. bxc3 c5 9. 0-0 Nc6 10. e3 Qa5 11. Bd2 Qc7 12. Rc1 Bf5 13. d5 Na5 14. c4 Bb2 15. Qa4 b6 16. Bxa5 bxa5 17. Rcd1 Rab8 18. e4 Bxe4 19. a3 Bc3 20. Ng5 Bf5 21. Ne4 Bd4 22. Rb1 Bd7 23. Qc2 Rxb1 24. Rxb1 Rb8 25. h4 f5 26. d6 Rxb1+ 27. Qxb1 Qb6 28. Qxb6 axb6 29. Bh3 e6 30. Ng5 Be5 31. f4 Bxd6 32. Bg2 Kg7 33. Kf2 h6 34. Nf3 Kf6 35. Ke3 e5 36. Bf1 Ke6 37. Be2 Ba4 38. Nd2 exf4+ 39. gxf4 Be7 40. Nf3 Bf6 41. Kd3 Bb2 0-1

[Event "Gligoric Cup 2nd"]
[Site "Kragujevac"]
[Date "2014.12.10"]
[Round "5.1"]
[White "Manojlovic, Sava"]
[Black "Miljkovic, Miroslav D"]
[Result "0-1"]
[WhiteElo "2129"]
[BlackElo "2483"]
[PlyCount "71"]
[EventDate "2014.12.06"]
[EventType "team-tourn"]
[EventRounds "9"]
[EventCountry "SRB"]
[SourceTitle "CBM 164 Extra"]
[Source "ChessBase"]
[SourceDate "2015.03.02"]
[SourceVersion "1"]
[SourceVersionDate "2015.03.02"]
[SourceQuality "1"]
[WhiteTeam "Srbobran"]
[BlackTeam "Kragujevac Radnicki"]
[WhiteTeamCountry "SRB"]
[BlackTeamCountry "SRB"]

1. Nf3 d5 2. b3 Bg4 3. Ne5 Bf5 4. Bb2 f6 5. Nf3 e5 6. e3 Nc6 7. Bb5 Bd6 8. Nc3 Nge7 9. Nh4 Be6 10. e4 d4 11. Nb1 Qd7 12. a3 0-0-0 13. Qe2 g5 14. Nf3 Ng6 15. g3 h5 16. d3 h4 17. Nbd2 g4 18. Ng1 Rh7 19. Bc4 Rdh8 20. 0-0-0 a6 21. Kb1 Kb8 22. Bxe6 Qxe6 23. Nf1 Na7 24. a4 Nc6 25. Bc1 b5 26. axb5 axb5 27. Kb2 Kb7 28. Bd2 Ra8 29. Ra1 Rhh8 30. Rxa8 Rxa8 31. h3 Bf8 32. Qe1 Ba3+ 33. Kb1 Qd6 34. hxg4 Bb2 35. b4 Qe6 36. Bc1 0-1

[Event "Vojvodina-ch 5th"]
[Site "Novi Sad"]
[Date "2014.07.13"]
[Round "3"]
[White "Manojlovic, Sava"]
[Black "Erdogdu, Mert"]
[Result "1/2-1/2"]
[WhiteElo "2141"]
[BlackElo "2423"]
[PlyCount "61"]
[EventDate "2014.07.12"]
[EventType "swiss"]
[EventRounds "9"]
[EventCountry "YUG"]
[SourceTitle "CBM 161 Extra"]
[Source "ChessBase"]
[SourceDate "2014.08.29"]
[SourceVersion "1"]
[SourceVersionDate "2014.08.29"]
[SourceQuality "1"]

1. d4 Nf6 2. Nf3 g6 3. c4 Bg7 4. Nc3 d5 5. e3 0-0 6. Be2 c5 7. dxc5 Qa5 8. 0-0 dxc4 9. Bxc4 Qxc5 10. Be2 Nc6 11. Qa4 Rd8 12. Qb5 Qxb5 13. Bxb5 Bd7 14. e4 a6 15. Be2 Ng4 16. Rd1 Be8 17. Bd2 Nge5 18. Nxe5 Bxe5 19. Be3 Bd4 20. Bxd4 Nxd4 21. Bf1 Bc6 22. f3 e5 23. Kf2 Kf8 24. Rac1 Rac8 25. Bc4 b5 26. Bf1 Ke7 27. Ne2 Ne6 28. Rxd8 Kxd8 29. g3 Kc7 30. Ke3 b4 31. Bh3 1/2-1/2

[Event "Senta op-A 17th"]
[Site "Senta"]
[Date "2013.07.16"]
[Round "5"]
[White "Manojlovic, Sava"]
[Black "Farkas, Tibor"]
[Result "1/2-1/2"]
[WhiteElo "2127"]
[BlackElo "2250"]
[PlyCount "20"]
[EventDate "2013.07.13"]
[EventType "swiss"]
[EventRounds "9"]
[EventCountry "SRB"]
[SourceTitle "EXT 2014"]
[Source "ChessBase"]
[SourceDate "2013.11.20"]
[SourceVersion "1"]
[SourceVersionDate "2013.11.20"]
[SourceQuality "1"]

1. d4 Nf6 2. Nf3 g6 3. Bg5 Bg7 4. Nbd2 0-0 5. e3 d6 6. Be2 Nbd7 7. 0-0 h6 8. Bh4 g5 9. Bg3 Nh5 10. Ne1 Nxg3 1/2-1/2

[Event "Senta op-A 16th"]
[Site "Senta"]
[Date "2012.07.18"]
[Round "6"]
[White "Manojlovic, Sava"]
[Black "Kholopov, Alexander A"]
[Result "1/2-1/2"]
[WhiteElo "2077"]
[BlackElo "2289"]
[PlyCount "86"]
[EventDate "2012.07.14"]
[EventType "swiss"]
[EventRounds "9"]
[EventCountry "SRB"]
[SourceTitle "CBM 149 Extra"]
[Source "ChessBase"]
[SourceDate "2012.08.24"]
[SourceVersion "1"]
[SourceVersionDate "2012.08.24"]
[SourceQuality "1"]

1. d4 Nf6 2. c4 g6 3. Nc3 d5 4. cxd5 Nxd5 5. g3 Bg7 6. Bg2 Nxc3 7. bxc3 c5 8. Nf3 Nc6 9. e3 Qa5 10. Bd2 Qa6 11. Bf1 Qb6 12. Rb1 Qc7 13. d5 Ne5 14. Nxe5 Bxe5 15. Bg2 0-0 16. 0-0 Rb8 17. c4 Bd7 18. a4 b6 19. Qe2 e6 20. e4 Rfe8 21. Rfe1 exd5 22. exd5 Re7 23. a5 bxa5 24. Rxb8+ Qxb8 25. Bxa5 Qd6 26. Bd2 Kg7 27. Qd1 h5 28. Be3 Bf5 29. Qb3 Rc7 30. Bd2 Re7 31. Be3 Bd4 32. h4 f6 33. Kh2 Bxe3 34. Rxe3 Rxe3 35. fxe3 Qc7 36. Qb5 Qb6 37. Qxb6 axb6 38. e4 Bg4 39. Bf1 Kf7 40. Kg2 Ke7 41. Kf2 Kd6 42. Ke3 Kc7 43. Bd3 Bd7 1/2-1/2

[Event "Senta op-A 16th"]
[Site "Senta"]
[Date "2012.07.15"]
[Round "3"]
[White "Cengija, Vanja"]
[Black "Manojlovic, Sava"]
[Result "1-0"]
[WhiteElo "2251"]
[BlackElo "2077"]
[PlyCount "76"]
[EventDate "2012.07.14"]
[EventType "swiss"]
[EventRounds "9"]
[EventCountry "SRB"]
[SourceTitle "CBM 149 Extra"]
[Source "ChessBase"]
[SourceDate "2012.08.24"]
[SourceVersion "1"]
[SourceVersionDate "2012.08.24"]
[SourceQuality "1"]

1. d4 Nf6 2. Bg5 Ne4 3. Bf4 c5 4. f3 Nf6 5. d5 d6 6. Nc3 g6 7. e4 Bg7 8. Qd2 a6 9. a4 h5 10. e5 dxe5 11. Bxe5 0-0 12. Bf4 Re8 13. Bc4 Nbd7 14. Nge2 Qa5 15. 0-0 Nb6 16. Ba2 Qb4 17. Kh1 Bd7 18. a5 Qxa5 19. Nc1 Bf5 20. Nd3 Bxd3 21. Qxd3 Qb4 22. Bc7 Rac8 23. d6 exd6 24. Bxd6 Red8 25. Rad1 Qa5 26. Qxg6 Qxa2 27. Qxg7+ Kxg7 28. Nxa2 Nc4 29. Be7 Rxd1 30. Rxd1 Nxb2 31. Rb1 Nc4 32. Rxb7 Nd5 33. Bg5 Re8 34. h4 Re2 35. Rd7 Ndb6 36. Re7 Rxc2 37. Nc1 Ne5 38. Nb3 Nd3 1-0